000 01285nam a2200301 i 4500
001 bg
946 _c99,00
245 0 0 _aMultimedialny słownik angielsko-polski polsko-angielski
_h[Dokument elektroniczny] /
_c[pod red. Jacka Fisiaka] ; Collins.
246 1 _aSłownik polsko-angielski i angielsko-polski Collins
250 _aWersja 3.03.
254 _aDane tekstowe.
260 _aGdańsk :
_bYoung Digital Poland,
_ccop. 2007.
300 _a1 dysk optyczny (CD-ROM) :
_bdźw., kolor ;
_c12 cm.
500 _aTyt. z etykiety nośnika.
538 _aWymagania systemowe : MS Windows 98/200/XP/Vista, 650 MB wolnej przestrzeni na twardym dysku, karty dźwiękowej, myszy lub innego urządzenia wskazującego. Program nie współpracuje z emulatorami napędów CD/DVD.
546 _aInterfejs programu dostępny także w wersji ang.
650 4 _aSłowniki angielsko-polskie
650 4 _aSłowniki polsko-angielskie
650 4 _aSłowniki multimedialne
650 4 _aDokumenty elektroniczne
830 _aCollins
040 _cBPK
041 0 _apol
_aeng
044 _aPOL
080 _a811.111:811.162.1]'374(0.034.44)
942 _cCD
008 100316s1999 pl d |000 0 pol
999 _c41191
_d41191